Письма к Вере (Запись № 11607968)

Подробности
000 -МАРКЕР
контрольное поле 01804nam0a2200373 4500
001 - ИДЕНТИФИКАТОР ЗАПИСИ
контрольное поле RU\NLR\BIBL_A\012042113
005 - ИДЕНТИФИКАТОР ВЕРСИИ
контрольное поле 20190715170703.0
010 ## - МЕЖДУНАРОДНЫЙ СТАНДАРТНЫЙ НОМЕР КНИГИ (ISBN)
Номер (ISBN) 978-5-389-16476-5
Тираж 5000
021 ## - НОМЕР ГОСУДАРСТВЕННОЙ РЕГИСТРАЦИИ
Код страны Российская Федерация
Номер КН-П-19-039620
Номер Листа государственной регистраци КН-П-19-2903
035 ## - ДРУГИЕ СИСТЕМНЫЕ НОМЕРА
Идентификатор записи (NLR Aleph) 012042113
035 ## - ДРУГИЕ СИСТЕМНЫЕ НОМЕРА
Идентификатор записи (RuMoRGB)009996633
100 ## - ДАННЫЕ ОБЩЕЙ ОБРАБОТКИ
Данные общей обработки 20190624d2019 u y0rusy50 ca
101 1# - ЯЗЫК РЕСУРСА
Язык текста, звукозаписи и т.д. русский
102 ## - СТРАНА ПУБЛИКАЦИИ ИЛИ ПРОИЗВОДСТВА
Страна публикации Российская Федерация
105 ## - ПОЛЕ КОДИРОВАННЫХ ДАННЫХ: ТЕКСТОВЫЕ МАТЕРИАЛЫ, МОНОГРАФИЧЕСКИЕ
Кодированные данные о монографическом текстовом документе ach|z|||001ey
200 1# - ЗАГЛАВИЕ И СВЕДЕНИЯ ОБ ОТВЕТСТВЕННОСТИ
Основное заглавие Письма к Вере
Первые сведения об ответственности Владимир Набоков
Последующие сведения об ответственности [комментарии Ольги Ворониной и Брайана Бойда
-- вступительная статья Брайана Бойда
-- перевод с английского статьи и комментариев Александры Глебовской]
210 ## - ПУБЛИКАЦИЯ, РАСПРОСТРАНЕНИЕ И ДР.
Место издания, распространения и т.д. Санкт-Петербург
Имя издателя, распространителя и т. д. Азбука
-- Азбука-Аттикус
Дата издания, распространения и т.д. 2019
215 ## - ФИЗИЧЕСКАЯ ХАРАКТЕРИСТИКА
Специфическое обозначение материала и объем 700, [2] с., [4] л., ил., портр.
Другие сведения о физической характеристике ил., факс.
Размеры 18
225 1# - СЕРИЯ
Основное заглавие серии Азбука-классика
225 1# - СЕРИЯ
Основное заглавие серии Non-Fiction
320 ## - ПРИМЕЧАНИЯ О НАЛИЧИИ В ДОКУМЕНТЕ БИБЛИОГРАФИИ / УКАЗАТЕЛЯ
Текст примечания Указ. имен: с. 679-699
320 ## - ПРИМЕЧАНИЯ О НАЛИЧИИ В ДОКУМЕНТЕ БИБЛИОГРАФИИ / УКАЗАТЕЛЯ
Текст примечания Указ. произведений В. Набокова в конце кн.
333 ## - ПРИМЕЧАНИЯ ОБ ОСОБЕННОСТЯХ РАСПРОСТРАНЕНИЯ И ИСПОЛЬЗОВАНИЯ
Текст примечания 16+
600 #1 - ИМЯ ЛИЦА КАК ПРЕДМЕТ
Начальный элемент ввода Набоков
Часть имени, кроме начального элемента ввода В. В.
Даты 1899 - 1977
Расширение инициалов личного имени Владимир Владимирович
Формальный подзаголовок Переписка
Системный номер авторитетной/нормативной записи 1074982
Идентификатор авторитетной/нормативной записи RU\NLR\AUTH\66100657
686 1# - ИНДЕКСЫ ДРУГИХ КЛАССИФИКАЦИЙ
Индекс Ш5(7США)6-4Набоков13
700 #1 - ИМЯ ЛИЦА - ПЕРВИЧНАЯ ОТВЕТСТВЕННОСТЬ
Графика поля Кириллица
Материалы, к которым относится поле rus
Начальный элемент ввода Набоков
Часть имени, кроме начального элемента ввода В. В.
Даты 1899-1977
Расширение инициалов личного имени Владимир Владимирович
Системный номер авторитетной/нормативной записи 110457
Идентификатор авторитетной/нормативной записи RU\NLR\AUTH\77403
702 #1 - ИМЯ ЛИЦА - ВТОРИЧНАЯ ОТВЕТСТВЕННОСТЬ
Код отношения Адресат, Получатель писем
Графика поля Кириллица
Материалы, к которым относится поле rus
Начальный элемент ввода Набокова
Часть имени, кроме начального элемента ввода В. Е.
Даты 1902-1991
Расширение инициалов личного имени Вера Евсеевна
Системный номер авторитетной/нормативной записи 2709222
Идентификатор авторитетной/нормативной записи RU\NLR\AUTH\770293662
942 ## - ДОПОЛНИТЕЛЬНЫЕ ЭЛЕМЕНТЫ ЗАПИСИ (АБИС)
Тип экземпляра АБИС Книга
980 ## - КОЛЛЕКЦИЯ
Название коллекции НБР
980 ## - КОЛЛЕКЦИЯ
Название коллекции Национальная библиография

Нет доступных экземпляров.